000 00431nam a2200121Ia 4500
008 220615s9999||||xx |||||||||||||| ||und||
100 _aHerve Seligmann
245 0 _aDNA Replication - Current Advances
546 _aEnglish[eng]
650 _aLife Sciences||Human Genetics||Molecular Genetics||Genetics and Molecular Biology||Biochemistry
856 _uhttps://www.intechopen.com/books/dna-replication-current-advances
942 _cEB
999 _c7932
_d7932